000 00654 a2200193 4500
001 63735
005 20260407155936.0
008 260407a1975 arg spa d
003 AR-UNSa-BCEJYS
040 _aAR-UNSa-BCEJYS
_bspa
_cAR-UNSa-BCEJYS
080 _a657(083)
_xResoluciones Técnicas Contables. Informes
245 1 0 _aDictamenes recomendaciones e informes
264 1 _aBuenos Aires :
_bEl Coloquio
_c1975
300 _a194 p.
_c21 cm.
041 _aspa
942 _cBK
590 _aniveau_biblio:m niveau_hierar:0
100 1 _aFederación Argentina de Colegios de Graduados en Ciencias Económicas. Instituto Técnico de Contadores Públicos
999 _c8295
_d8295